000 01084nam a2200301 i 4500
005 20231119143101.0
008 231119t20242024my ao g o000 0 may d
020 _a9789674617837
_cRM39.00
_qpaperback
040 _aPPAK
_beng
_cPPAK
_erda
082 0 4 _223
_a660.2842
090 0 0 _a660.2842
_bMOH
_dG
100 0 _aMohd Nazri Ismail,
_eauthor.
245 1 0 _aTEKNIK ASAS PEMISAHAN DAN PENULENAN PRODUK /
_cMohd Nazri Ismail, Husnul Azan Tajarudin, Mardiana Idayu Ahmad
264 1 _aPulau Pinang :
_bPenerbit Universiti Sains Malaysia,
_c2024
264 1 _c©2024
300 _aix, 120 pages :
_billustrations, photographs ;
_c24 cm
336 _atext
_2rdacontent
337 _aunmediated
_2rdamedia
338 _avolume
_2rdacarrier
500 _aIncludes index
504 _aBibliography : pages 111-115
650 1 0 _aSeparation (Technology)
650 2 0 _aChemicals
_xPurification
650 2 0 _aGovernment publications
_zMalaysia
700 0 _aHusnul Azan Tajarudin,
_eauthor.
700 0 _aMardiana Idayu Ahmad,
_eauthor.
942 _2ddc
_cB
999 _c193684
_d193684